BIBLIOTECA

Normal view MARC view
  • Merino Sánchez, María Isabel

Entry Nombre personal

Number of records used in: 1

001 - NÚMERO DE CONTROL

  • campo de control: 14434

003 - IDENTIFICADOR DEL NÚMERO DE CONTROL

  • campo de control: AR-SiUPM

005 - FECHA Y HORA DE LA ÚLTIMA TRANSACCIÓN

  • campo de control: 20251222172110.0

008 - DATOS DE LONGITUD FIJA

  • campo de control de longitud fija: 251222|| aca||aabn | a|a d

040 ## - FUENTE DE LA CATALOGACIÓN

  • Centro catalogador/agencia de origen: AR-SiUPM
  • Centro/agencia transcriptor: AR-SiUPM

100 ## - ENCABEZAMIENTO-NOMBRE DE PERSONA

  • Nombre de persona: Merino Sánchez, María Isabel
  • Títulos y otros términos asociados al nombre: Traducción

670 ## - FUENTE DE DATOS ENCONTRADOS

  • Cita de la fuente: Work cat.: (AR-SiUPM): Drucker, Peter F. 10452, La sociedad poscapitalista, 1998.